日本史年号<奈良時代> - Statistics

General Stats
  • This quiz has been taken 28 times
  • The average score is 6 of 9
Answer Stats
出来事 年号 % Correct
平城京遷都 710
100%
墾田永年私財法 743
76%
長岡京遷都 784
76%
三世一身法 723
67%
平城京再遷都 745
62%
長屋王の変 729
52%
藤原広嗣の乱 740
52%
養老律令施行 757
52%
恵美押勝の乱 764
48%
No matching quizzes found
Score Distribution
Percent of People with Each Score
Percentile by Number Answered
Your Score History
You have not taken this quiz